| 000 | 02332nam a2200289 a 4500 | ||
|---|---|---|---|
| 999 |
_c353 _d353 |
||
| 003 | AR-BaISA | ||
| 005 | 20221005091818.0 | ||
| 007 | ta | ||
| 008 | 131025s2013 sp ado | |||| 000 0 spa d | ||
| 020 | _a9788490225097 | ||
| 040 | _cAR-BaISA | ||
| 082 | 0 | 4 |
_222 _a616.33 F248 |
| 245 | 0 | 0 |
_aMedicina interna: _penfermedades del aparato digestivo. Gastroenterología y hepatología |
| 250 | _a17ª ed. | ||
| 260 |
_aBarcelona: _bElsevier, _c2013 |
||
| 300 |
_aIX, 294 p.: _bil. graf., fot. _c28 cm. |
||
| 336 |
_aTexto (visual) _2isbdcontent |
||
| 337 |
_asin mediación _2isbdmedia |
||
| 504 | _aBibliografía al final de cada capítulo | ||
| 505 |
_tGASTROENTEROLOGÍA: _tEnfermedades de la boca -- _tEnfermedades de las glándulas salivales -- _tEnfermedades del esófago -- _tEnfermedades del estómago y del duodeno -- _tEnfermedades del intestino delgado y del colón: generalidades -- _tAbdomen agudo -- _tTrastornos de la motilidad intestinal -- _tSíndrome diarreico -- _tMalabsorción intestinal -- _tEnfermedad inflamatoria del intestino -- _tGastroenteritis infecciosas -- _tTumores del intestino -- _tOtras enfermedades intestinales -- _tEnfermedades del recto y del ano -- _tEnfermedades del páncreas -- _tHemorragia gastrointestinal -- _tEnfermedades del peritoneo del mesenterio y del epiplón -- _tHEPATOLOGÍA: _tGeneralidades -- _tIctericias y enfermedades de las vías biliares -- _tHipertensión portal y enfermedades vasculares del hígado -- _tAscitis -- _tInsuficiencia hepática aguda grave -- _tEncefalopatía hepática -- _tHepatitis vírica aguda -- _tHepatitis vírica crónica -- _tHepatopatías por tóxicos y medicamentos -- _tCirrosis hepática -- _tHepatopatías autoinmunes y colestasis crónicas -- _tHepatopatías alcohólicas -- _tEsteatosis y esteatohepatitis no alcohólica -- _tEnfermedades metabólicas del hígado -- _tHígado y enfermedades sistémicas -- _tEnfermedades infecciosas que afectan al hígado -- _tTumores del hígado -- _tHígado y embarazo -- _tTrasplante hepático |
||
| 650 | 1 | 4 |
_aSistema digestivo _xenfermedades asociadas _953 |
| 700 | 1 |
_aDomarus, Alexander von _d1881-1945 _9869 _eaut. |
|
| 700 | 1 |
_aRozman, Ciril _d1929- _eaut. _9870 |
|
| 700 | 1 |
_aCardellach López, F. _d1951 _9871 _eaut. |
|
| 700 | 1 |
_aFarreras Valentí, Pedro _d1916-1968 _9872 _eaut. |
|
| 942 |
_2ddc _cLI |
||